000 01131nam a22003617a 4500
001 BR7807719
003 BR-BrBNA
005 20230928085827.0
007 ta
008 230509b bl.||||| |||| 00| 0 por d
040 _aBR-BrBNA
_bpor
_cBiblioteca Nacional de Agricultura
041 _a(Por)
072 _aE30; F00; E70
_b3575
_b/G514
090 _ 3575 BR7807719
100 1 _aGrzybowski, F.
100 1 _aBarthalo, L.
110 1 _aComissao Estadual de Planejamento Agricola, Cuiaba, MT (Brasil)
_92045
245 1 _aCarta Consulta, Projeto de Sementes. Ampliacao e equipagem das usinas de beneficiamento laboratorio de sementes [Mato Grosso, Brasil]
260 3 _aCuiaba, MT (Brasil):
_c1978.
300 _a40 p.
500 _a(*) Documento disponível no(a) Comissao Estadual de Planejamento Agricola, Cuiaba, MT (Brazil)
650 _aSEMENTE
650 _aPROJETO AGRICOLA
650 _aSEMEADURA
650 _aMERCADO
650 _aPRECO
650 _aMAO-DE-OBRA
650 _aCUSTO
650 _aBENEFICIAMENTO
650 _aMATO GROSSO
909 _a202309
_bLucia
_c55
_dLucia Elande
942 _cBK
999 _c26553
_d26553